| 000 | 00627nam a2200205 a 4500 | ||
|---|---|---|---|
| 005 | 20210219153022.0 | ||
| 008 | 991125n 000 0 eng u | ||
| 035 | _aUPN01000073319 | ||
| 100 | _aMcElroy, Linda Provus | ||
| 222 |
_aCHILD ABUSE AND NEGLECT : _bTHE INTERNATIONAL JOURNAL |
||
| 245 | _aEarly indicators of pathological dissociation in sexually abused children | ||
| 300 | _a833-846 | ||
| 362 | _a1992 16, no. 6 | ||
| 653 | 0 | _aABUSO SEXUAL | |
| 653 | 0 | _aDESORDENES MENTALES | |
| 653 | 0 | _aSINTOMAS (DESORDENES INDIVIDUALES) | |
| 653 | 0 | _aTRASTORNOS EMOCIONALES | |
| 904 |
_aAC _b011130 |
||
| 905 | _aArticulo | ||
| 999 |
_c66335 _d66335 |
||